| 000 | 01000nam a2200337 4500 | ||
|---|---|---|---|
| 001 | 34195 | ||
| 003 | BD-RjUL | ||
| 005 | 20211209052124.0 | ||
| 008 | 140514r19801973enk b 000 0 eng d | ||
| 020 | _a0333137736 | ||
| 035 | _a(BD-RjUL)34289 | ||
| 040 |
_aDLC _cDLC _dDLC _dBD-RjUL _beng |
||
| 041 | _aeng | ||
| 082 | 0 | 0 |
_a301.4442091713 _bMAC 1980 |
| 100 | 1 |
_aMann, Michael, _d1942- _9103956 |
|
| 245 | 1 | 0 |
_aConsciousness and action among the Western working class / _c Michael Mann |
| 260 |
_aLondon : _bMacmillan, _c1973 [Reprinted 1980] |
||
| 300 |
_a80 p. ; _c21 cm. |
||
| 350 | _a£0.60. | ||
| 490 | 0 | _aStudies in sociology | |
| 504 | _aBibliography: p. 75-80. | ||
| 650 | 0 |
_aWorking class. _9103957 |
|
| 650 | 0 |
_aProletariat. _917793 |
|
| 650 | 0 |
_aMarxian school of sociology. _9103958 |
|
| 650 | 0 |
_aIdeology. _9273 |
|
| 650 | 0 |
_aIndustrial sociology. _9103959 |
|
| 650 | 0 |
_aClass consciousness. _9103960 |
|
| 942 |
_2ddc _cBK |
||
| 999 |
_c34195 _d34195 |
||